Critères de la dépression - Statistiques

Statistiques générales
  • Ce quiz a été pris 36 fois
  • Le résultat moyen est 2 sur 9
Statistiques - réponses
Hint Réponse % Correct
Critère 6 Fatigue / perte d'énergie
83%
Critère 4 Troubles du sommeil (insomnie/hypersomnie)
31%
Critère 1 Humeur dépressive
21%
Critère 9 Pensées de mort / idées suicidaires sans plan précis
10%
Critère 5 Agitation ou ralentissement psychomoteur
3%
Critère 3 Changements de poids / changements de l'appétit
3%
Critère 8 Difficultés de concentration / à penser
3%
Critère 2 Diminution du plaisir / de l'intérêt
3%
Critère 7 Sentiments de dévalorisation / culpabilité
0%
Aucun quiz correspondant
Distribution des résultats
% des personnes avec chaque résultat
Percentile par nombre de réponses
Votre historique - résultats
Vous n’avez pas pris ce quiz